Estado y modelo económico en El Salvador
Se hace referencia a la categoría económica de modelo, tal como ha sido estudiada por diversos tratadistas llegando a formar parte explícita de la planificación gubernamental salvadoreña. Parten de que en El Salvador la discusión sobre la relación entre Estado y economía pasa por la redefinición o r...
Uloženo v:
| Korporativní autor: | |
|---|---|
| Médium: | Konferenční příspěvek |
| Jazyk: | Spanish |
| Vydáno: |
San José, Costa Rica :
1988
|
| Témata: | |
| Tagy: |
Přidat tag
Žádné tagy, Buďte první, kdo vytvoří štítek k tomuto záznamu!
|
MARC
| LEADER | 00000 a2200000 04500 | ||
|---|---|---|---|
| 001 | 1909 | ||
| 003 | cru IIS | ||
| 005 | 20220208115522.0 | ||
| 008 | 220208b |||||||| |||| 00| 0 spa d | ||
| 040 | |c cru IIS | ||
| 090 | |a 10405.00 | ||
| 111 | |9 10234 |a Taller Regional Estilos de desarrollo, procesos de democratización y cambios en las funciones económico-sociales del Estado en Centroamérica, 1980-1988 |c (San José, Costa Rica : |d 1988 junio ) | ||
| 245 | |a Estado y modelo económico en El Salvador | ||
| 260 | |a San José, Costa Rica : |c 1988 | ||
| 300 | |a 34; 13 p |b tablas | ||
| 500 | |a Colección Centroamérica | ||
| 520 | |a Se hace referencia a la categoría económica de modelo, tal como ha sido estudiada por diversos tratadistas llegando a formar parte explícita de la planificación gubernamental salvadoreña. Parten de que en El Salvador la discusión sobre la relación entre Estado y economía pasa por la redefinición o reestructuración del funcionamiento del Estado-nación, en el marco de un conflicto bélico en el fondo de la cuestión lo que está en disputa en la sociedad política, en la sociedad civil y como eje de conflicto en el plano militar en El Salvador son los intereses económicos, modelados en el pensamiento y en la acción de las clases sociales fundamentales y sus representaciones políticas, gremiales y militares. Se concibe el modelo económico como las relaciones estructurales de una economía, las relaciones primarias de lo económico expresadas en la articulación de variables económicas, puestas en funcionamiento, hipotetizadas o puestas en práctica. Y en un modelo económico, el papel del estado es un punto central a considerar. Se desarrollan los siguientes temas: a-el modelo económico como punto de paz. b-La falla estructural del modelo de desarrollo económico en El Salvador. c-un marco político del modelo económico-social de los años 80 en El Salvador. ch-las limitaciones históricas del modelo reformista contrainsurgente. d-Las diferentes versiones de los modelos económicos. y e-La importancia de un modelo económico en la solución política negociada. MB/JM | ||
| 650 | |a MODELOS ECONOMICOS | ||
| 650 | |a MODELOS DE CRECIMIENTO | ||
| 650 | |a ESTADO | ||
| 650 | |a ECONOMIA PLANIFICADA | ||
| 650 | |a GUERRA CIVIL | ||
| 650 | |a MILITARISMO | ||
| 650 | |a PAZ | ||
| 650 | |a POLITICA | ||
| 650 | |a ARREGLO DE CONTROVERSIAS | ||
| 650 | |a AYUDA AL DESARROLLO | ||
| 650 | |a AYUDA ECONOMICA | ||
| 650 | |a AYUDA MILITAR | ||
| 650 | |a PRESUPUESTO NACIONAL | ||
| 650 | |a PRODUCTO INTERNO BRUTO | ||
| 650 | |a PRODUCCION AGROPECUARIA | ||
| 650 | |a EXPORTACIONES | ||
| 942 | |2 ddc |c LI | ||
| 999 | |c 13449 |d 13449 | ||
